Contemporary Native American Architecture Cultural Regeneration & Creativity (Record no. 2029)
[ view plain ]
| 000 -LEADER | |
|---|---|
| fixed length control field | 00323nam a2200109Ia 4500 |
| 008 - FIXED-LENGTH DATA ELEMENTS--GENERAL INFORMATION | |
| fixed length control field | 200302s9999 xx 000 0 und d |
| 100 ## - MAIN ENTRY--PERSONAL NAME | |
| Personal name | Carol Herselle Krinsky |
| 245 ## - TITLE STATEMENT | |
| Title | Contemporary Native American Architecture Cultural Regeneration & Creativity |
| 260 ## - PUBLICATION, DISTRIBUTION, ETC. | |
| Name of publisher, distributor, etc. | Oxford University Press |
| 260 ## - PUBLICATION, DISTRIBUTION, ETC. | |
| Date of publication, distribution, etc. | 1996 |
| 300 ## - PHYSICAL DESCRIPTION | |
| Extent | 277 P., |
| Withdrawn status | Lost status | Damaged status | Not for loan | Permanent Location | Current Location | Date acquired | Cost, normal purchase price | Full call number | Barcode | Date last seen | Price effective from | Koha item type |
|---|---|---|---|---|---|---|---|---|---|---|---|---|
| BMS College of Architecture, Design and Planning | BMS College of Architecture, Design and Planning | 2020-03-03 | 2898.75 | 720.8997 | CL-UG43630 | 2020-03-03 | 2020-03-03 | UG Books from CL |